000 00849nam a22002057a 4500
003 AM-YEHGA
005 20250617164234.0
008 211103b1962 ru ||||| |||| 00| 0 rus d
040 _aAM-YeHGA
041 0 _arus
245 0 0 _aМетодическое пособие к практическим занятиям по начертательной геометрии (с задачами) /
_cМ-во высш. и сред. спец. образования РСФСР. Моск. авиац. технол. ин-т
260 _aМосква :
_b[б. и.],
_c1962
300 _aВыпуск
505 1 0 _g Вып. 1 (1962, 120 с., черт.)
650 1 4 _aТопология
710 2 _aМосковский авиационный технологический институт
942 _2udc
_cBK
001 1800727
090 _c523741
999 _c520170
_d520170